书目信息 |
| 题名: |
公路工程水质分析操作规程
|
|
| 作者: | 交通部第一公路勘察设计院 主编 | |
| 分册: | ||
| 出版信息: | 北京 人民交通出版社 2000.01 |
|
| 页数: | 61页 | |
| 开本: | 32开 | |
| 丛书名: | ||
| 单 册: | ||
| 中图分类: | U412.23 | |
| 科图分类: | ||
| 主题词: | 道路工程 | |
| 电子资源: | ||
| ISBN: | 7-114-02971-3 | |
| 000 | 00658nam0 2200193 45 | |
| 001 | 0009071774 | |
| 005 | 20000907171249.7 | |
| 010 | @a7-114-02971-3@d8.00元 | |
| 100 | @a20000907d2000 km y0chiy0120 ea | |
| 101 | 0 | @achi |
| 105 | @a z 000yy | |
| 200 | 1 | @a公路工程水质分析操作规程@AGong Lu Gong Cheng Shui Zhi Fen Xi Cao Zuo Gui Cheng@f交通部第一公路勘察设计院主编@FJiao Tong Bu Di Yi Gong Lu Kan Cha She Ji Yuan Zhu Bian |
| 210 | @a北京@c人民交通出版社@d2000.01 | |
| 215 | @a61页@d32开 | |
| 606 | 0 | @a道路工程 |
| 690 | @aU412.23@v3 | |
| 701 | 0 | @a交通部第一公路勘察设计院@4主编 |
| 801 | @aCN@bPftUser@c20000907 | |
| 905 | @b126067-076@dU412.23@eJ:072@f10 | |
| 公路工程水质分析操作规程/交通部第一公路勘察设计院主编.-北京:人民交通出版社,2000.01 |
| 61页;32开 |
| ISBN 7-114-02971-3:8.00元 |
| ● |
| 相关链接 |
|
|
|
正题名:公路工程水质分析操作规程
索取号:U412.23/J:072
 
预约/预借
| 序号 | 登录号 | 条形码 | 馆藏地/架位号 | 状态 | 备注 |
| 1 | 126067 | 201260679 | 土木与交通工程学院资料室/土木与交通学院资料室 1排1列1层/ [索取号:U412.23/J:072] | 在馆 | |
| 2 | 126068 | 201260688 | 自科二线504/504自科库 31排2列3层/ [索取号:U412.23/J:072] | 在馆 | |
| 3 | 126069 | 201260697 | 期刊室512/501自科库 51排3列5层/ [索取号:U412.23/J:072] | 在馆 | |
| 4 | 126070 | 201260704 | 自科二线504/504自科库 31排2列3层/ [索取号:U412.23/J:072] | 在馆 | |
| 5 | 126071 | 201260713 | 自科二线504/504自科库 31排2列3层/ [索取号:U412.23/J:072] | 在馆 | |
| 6 | 126072 | 201260722 | 期刊室512/501自科库 51排3列5层/ [索取号:U412.23/J:072] | 在馆 | |
| 7 | 126073 | 201260731 | 自科二线504/504自科库 31排2列3层/ [索取号:U412.23/J:072] | 在馆 | |
| 8 | 126074 | 201260740 | 期刊室512/501自科库 51排3列5层/ [索取号:U412.23/J:072] | 在馆 | |
| 9 | 126075 | 201260759 | 自科二线504/504自科库 31排2列3层/ [索取号:U412.23/J:072] | 在馆 | |
| 10 | 126076 | 201260768 | 自科二线504/504自科库 31排2列3层/ [索取号:U412.23/J:072] | 在馆 |